[Event "FRA-chT1 0910"]
[Site "France"]
[Date "2009.12.13"]
[Round "7.3"]
[White "Ninov, Nikolai"]
[Black "Burnier, David"]
[Result "0-1"]
[WhiteElo "2532"]
[BlackElo "2274"]
[PlyCount "86"]
[EventDate "2009.09.27"]
[EventType "team-match"]
[EventRounds "11"]
[EventCountry "FRA"]
[SourceDate "2009.07.26"]
[WhiteTeam "La Tour Hyéroise"]

1. e4 e5 2. Nf3 Nc6 3. Bc4 Nf6 4. Ng5 d5 5. exd5 Na5 6. Bb5+ c6 7. dxc6 bxc6 8.
Be2 h6 9. Nf3 e4 10. Ne5 Bc5 11. c3 Bd6 12. f4 exf3 13. Nxf3 O-O 14. d4 Qc7 15.
O-O Re8 16. Kh1 Bg4 17. b4 Bxh2 18. Bd3 Nb7 19. Qc2 Bxf3 20. gxf3 Bf4 21. Bxf4
Qxf4 22. Qh2 Qxh2+ 23. Kxh2 Re3 24. Ba6 Nd6 25. a3 Rae8 26. Ra2 Nd5 27. Rd2
Nxc3 28. Nxc3 Rxc3 29. d5 c5 30. bxc5 Rxc5 31. Bd3 g6 32. Bb1 Re5 33. Rfd1 Re3
34. f4 Kg7 35. f5 g5 36. Kg2 h5 37. Rb2 Kf6 38. Rb8 h4 39. Rd8 Ke7 40. Ra8 Rg3+
41. Kf2 Rcc3 42. Re1+ Kd7 43. Re5 h3 0-1

[Event "FRA-chT1 0910"]
[Site "France"]
[Date "2009.12.13"]
[Round "7.6"]
[White "Poignot, Quentin"]
[Black "Lallement, Victor"]
[Result "1-0"]
[WhiteElo "2141"]
[BlackElo "2117"]
[PlyCount "57"]
[EventDate "2009.09.27"]
[EventType "team-match"]
[EventRounds "11"]
[EventCountry "FRA"]
[SourceDate "2009.07.26"]

1. e4 c5 2. Nc3 a6 3. g3 b5 4. Bg2 Bb7 5. Nge2 e6 6. d4 cxd4 7. Nxd4 Nf6 8. a3
b4 9. axb4 Bxb4 10. Bg5 Qc7 11. Qd3 d6 12. Bxf6 gxf6 13. O-O Bxc3 14. bxc3 Nd7
15. Rfd1 Ke7 16. Rab1 Rab8 17. f4 Nc5 18. Qe3 Na4 19. Rd3 Rhc8 20. e5 dxe5 21.
fxe5 Bxg2 22. exf6+ Ke8 23. Rxb8 Rxb8 24. Kxg2 Qc5 25. Qf4 Rc8 26. Qg4 Nb2 27.
Nxe6 Qc6+ 28. Kh3 Qxe6 29. Re3 1-0

[Event "FRA-chT1 0910"]
[Site "France"]
[Date "2009.12.13"]
[Round "7.2"]
[White "Renet, Olivier"]
[Black "Efimov, Igor"]
[Result "1/2-1/2"]
[WhiteElo "2515"]
[BlackElo "2435"]
[PlyCount "35"]
[EventDate "2009.09.27"]
[EventType "team-match"]
[EventRounds "11"]
[EventCountry "FRA"]
[SourceDate "2009.07.26"]
[WhiteTeam "Rueil"]
[BlackTeam "Monaco"]

1. d4 d6 2. c4 e5 3. Nf3 Nd7 4. Nc3 Ngf6 5. Bg5 Be7 6. e3 O-O 7. Qc2 Ne8 8. h4
exd4 9. exd4 Nef6 10. O-O-O Re8 11. Bd3 Nf8 12. Kb1 c6 13. Rde1 Be6 14. Ne2 b5
15. Nf4 bxc4 16. Bxc4 Nd5 17. Nxe6 Nxe6 18. Bxe7 1/2-1/2

[Event "FRA-chT1 0910"]
[Site "France"]
[Date "2009.12.13"]
[Round "7.5"]
[White "Robert, Bastien"]
[Black "Vesin, Jean Robert"]
[Result "0-1"]
[WhiteElo "2044"]
[BlackElo "2244"]
[PlyCount "92"]
[EventDate "2009.09.27"]
[EventType "team-match"]
[EventRounds "11"]
[EventCountry "FRA"]
[SourceDate "2009.07.26"]

1. d4 g6 2. c4 Bg7 3. Nc3 c5 4. Nf3 cxd4 5. Nxd4 Nc6 6. e3 Nf6 7. Be2 O-O 8.
O-O Nxd4 9. exd4 d5 10. Bf4 dxc4 11. Bxc4 a6 12. Rc1 b5 13. Be2 Bb7 14. Re1 e6
15. Be5 Qb6 16. Bf3 Rfd8 17. Qe2 Rd7 18. g4 Rad8 19. g5 Nd5 20. Nxd5 Bxd5 21.
Bxd5 Bxe5 22. Bxe6 Qxe6 23. Qxe5 Qg4+ 24. Qg3 Rxd4 25. Rc3 Qd7 26. h3 Qd5 27.
Rce3 Rd1 28. Rxd1 Qxd1+ 29. Kh2 Qd2 30. Ra3 a5 31. Rb3 b4 32. a3 Rd5 33. h4 Rf5
34. Kg2 Qd4 35. axb4 axb4 36. Rd3 Qxb2 37. Qe3 h6 38. gxh6 Qf6 39. Qg3 Kh7 40.
Rd6 Rxf2+ 41. Qxf2 Qxd6 42. Qxf7+ Kxh6 43. Qg8 Kh5 44. Qc4 Qd2+ 45. Kf1 Qc3 46.
Qf4 Qh3+ 0-1

[Event "FRA-chT1 0910"]
[Site "France"]
[Date "2009.12.13"]
[Round "7.3"]
[White "Rouzaud, Philippe"]
[Black "Bertrand, Frederic"]
[Result "1/2-1/2"]
[WhiteElo "2288"]
[BlackElo "2298"]
[PlyCount "76"]
[EventDate "2009.09.27"]
[EventType "team-match"]
[EventRounds "11"]
[EventCountry "FRA"]
[SourceDate "2009.07.26"]

1. e4 e5 2. Nf3 Nc6 3. Bc4 Be7 4. d4 d6 5. dxe5 dxe5 6. Qxd8+ Bxd8 7. h3 Nf6 8.
Nc3 O-O 9. Be3 Be7 10. O-O-O a6 11. Nd5 Bd6 12. Nxf6+ gxf6 13. Nh4 Be6 14. Bd5
Nb4 15. a3 Nxd5 16. exd5 Bd7 17. g4 Rfc8 18. Rd2 b5 19. Nf5 a5 20. Nxd6 cxd6
21. b3 Rc3 22. Rd3 Rc7 23. Bb6 Rb7 24. Be3 Rc8 25. Kb2 Rbc7 26. Rc1 a4 27. Bb6
Rb7 28. Ba5 Kf8 29. Bb4 Ke7 30. bxa4 bxa4 31. c4 f5 32. gxf5 Bxf5 33. Re3 Kd7
34. Rf3 Bg6 35. Rfc3 Bf5 36. Rf3 Bg6 37. h4 h5 38. Rfc3 Rbc7 1/2-1/2

[Event "FRA-chT1 0910"]
[Site "France"]
[Date "2009.12.13"]
[Round "7.2"]
[White "Sermier, Guillaume"]
[Black "Sulava, Nenad"]
[Result "1/2-1/2"]
[WhiteElo "2385"]
[BlackElo "2551"]
[PlyCount "98"]
[EventDate "2009.09.27"]
[EventType "team-match"]
[EventRounds "11"]
[EventCountry "FRA"]
[SourceDate "2009.07.26"]
[BlackTeam "La Tour Hyéroise"]

1. Nf3 d5 2. g3 c6 3. Bg2 Bg4 4. d3 Nd7 5. h3 Bh5 6. Nbd2 e6 7. O-O Bd6 8. b3
Ne7 9. Bb2 O-O 10. c4 a5 11. a3 b5 12. cxb5 cxb5 13. Rc1 Qb6 14. Bd4 Qb7 15.
Bb2 Qb6 16. Bd4 Qa6 17. Bb2 f6 18. Rc2 e5 19. Qa1 Bg6 20. Rfc1 Rac8 21. Rxc8
Rxc8 22. Rxc8+ Qxc8 23. Qc1 Qb8 24. Nf1 Nc5 25. Qc3 b4 26. axb4 d4 27. Qc4+ Bf7
28. bxc5 Bxc4 29. cxd6 Qxd6 30. dxc4 Qb4 31. Bxd4 exd4 32. Nxd4 g6 33. Ne3 Qe1+
34. Bf1 Kf7 35. Nec2 Qc3 36. e3 Nc8 37. Bg2 Nb6 38. Bc6 f5 39. h4 Kf6 40. Kg2
h6 41. Na3 Qb4 42. Nac2 Qd2 43. c5 Nc8 44. Bf3 g5 45. hxg5+ hxg5 46. c6 f4 47.
gxf4 gxf4 48. exf4 Qxf4 49. Ne2 Qg5+ 1/2-1/2

[Event "FRA-chT1 0910"]
[Site "France"]
[Date "2009.12.13"]
[Round "7.1"]
[White "Song, Julien"]
[Black "Genov, Petar"]
[Result "1/2-1/2"]
[WhiteElo "2246"]
[BlackElo "2476"]
[PlyCount "46"]
[EventDate "2009.09.27"]
[EventType "team-match"]
[EventRounds "11"]
[EventCountry "FRA"]
[SourceDate "2009.07.26"]
[WhiteTeam "Mulhouse"]

1. d4 Nf6 2. c4 e6 3. Nf3 d5 4. Bg5 c6 5. e3 Nbd7 6. Bd3 Be7 7. Nc3 O-O 8. Rc1
h6 9. Bh4 dxc4 10. Bxc4 Nd5 11. Bxe7 Qxe7 12. Ne4 b6 13. O-O Bb7 14. Ng3 c5 15.
e4 Nf4 16. Bb5 Rfd8 17. Qa4 Nf6 18. dxc5 bxc5 19. Rfd1 a6 20. Bf1 Rxd1 21. Rxd1
Rd8 22. Rxd8+ Qxd8 23. Qc2 Nd7 1/2-1/2

[Event "FRA-chT1 0910"]
[Site "France"]
[Date "2009.12.12"]
[Round "6.4"]
[White "Brailly Vignal, Bastien"]
[Black "Serra, Yvan"]
[Result "1-0"]
[WhiteElo "2167"]
[BlackElo "2078"]
[PlyCount "81"]
[EventDate "2009.09.27"]
[EventType "team-match"]
[EventRounds "11"]
[EventCountry "FRA"]
[SourceDate "2009.07.26"]

1. d4 d5 2. c4 e6 3. Nc3 f5 4. Nh3 c6 5. Bg5 Nf6 6. e3 Be7 7. Nf4 O-O 8. h4 Ne4
9. Bxe7 Qxe7 10. Rc1 Nd7 11. Nxe4 fxe4 12. Qb3 Nf6 13. Be2 dxc4 14. Qxc4 Nd5
15. g3 a5 16. Qc5 Qxc5 17. Rxc5 Bd7 18. Bg4 Nb4 19. a3 Rxf4 20. exf4 Nd3+ 21.
Ke2 Nxc5 22. dxc5 Kf7 23. Rd1 Ke7 24. Rd4 b6 25. Rxe4 bxc5 26. Kd2 Rb8 27. Kc3
Kd6 28. Re3 g6 29. h5 c4 30. Re5 Rb3+ 31. Kc2 c5 32. Re3 a4 33. hxg6 hxg6 34.
Bf3 Be8 35. Be4 Bf7 36. Rxb3 cxb3+ 37. Kc3 e5 38. fxe5+ Kxe5 39. Bc6 Bd5 40.
Bxa4 Ke4 41. Bxb3 1-0

[Event "FRA-chT1 0910"]
[Site "France"]
[Date "2009.12.12"]
[Round "6.6"]
[White "Brih, Said"]
[Black "Poignot, Quentin"]
[Result "1-0"]
[WhiteElo "2343"]
[BlackElo "2141"]
[PlyCount "65"]
[EventDate "2009.09.27"]
[EventType "team-match"]
[EventRounds "11"]
[EventCountry "FRA"]
[SourceDate "2009.07.26"]

1. Nf3 Nf6 2. d4 c5 3. c3 cxd4 4. cxd4 d5 5. Nc3 Nc6 6. g3 g6 7. Bg2 Bg7 8. O-O
O-O 9. Bf4 Ne4 10. Nb5 a6 11. Nc3 Nxc3 12. bxc3 Bf5 13. Nh4 Be6 14. Qd2 Na5 15.
Bh6 Nc4 16. Qg5 Bf6 17. Qc1 Re8 18. f4 Bxh4 19. f5 Bxf5 20. gxh4 Qd7 21. Qf4
Qe6 22. Rf2 Nd6 23. Raf1 Rac8 24. Qg3 Rc6 25. h5 Rec8 26. Bd2 Kh8 27. hxg6 Bxg6
28. Bh3 Qe4 29. Bxc8 Rxc8 30. Rg2 Qc2 31. Qe5+ Kg8 32. Bh6 Ne8 33. Qxe7 1-0

[Event "FRA-chT1 0910"]
[Site "France"]
[Date "2009.12.12"]
[Round "6.3"]
[White "Burnier, David"]
[Black "Colovic, Aleksandar"]
[Result "0-1"]
[WhiteElo "2274"]
[BlackElo "2441"]
[PlyCount "88"]
[EventDate "2009.09.27"]
[EventType "team-match"]
[EventRounds "11"]
[EventCountry "FRA"]
[SourceDate "2009.07.26"]

1. e4 c5 2. Nf3 d6 3. d4 cxd4 4. Nxd4 Nf6 5. Nc3 e6 6. Be2 a6 7. f4 Be7 8. O-O
O-O 9. Kh1 Qc7 10. Be3 b5 11. a3 Bb7 12. Bf3 Nbd7 13. Qe1 Nb6 14. Rd1 Nc4 15.
Bc1 Rac8 16. Qg3 Kh8 17. Rfe1 Nd7 18. f5 e5 19. Nd5 Bxd5 20. exd5 Nb8 21. Ne2
Qd8 22. Qg4 Nd7 23. Ng3 Nf6 24. Qh3 Nb6 25. Ne4 Rxc2 26. g4 Nfxd5 27. f6 Bxf6
28. Nxf6 Nxf6 29. Bg5 Rxb2 30. Qh4 Kg8 31. Rxe5 Nbd7 32. Rf5 Re8 33. Rxd6 Qe7
34. Rd1 h6 35. Bc1 Rc2 36. g5 Nh7 37. Rg1 g6 38. Rd5 Nb6 39. Rd2 Rxd2 40. Bxd2
Nxg5 41. Re1 Qd8 42. Bg2 Nc4 43. Bc3 Re3 44. Rxe3 Nxe3 0-1

[Event "FRA-chT1 0910"]
[Site "France"]
[Date "2009.12.12"]
[Round "6.8"]
[White "Chebance, Benoit"]
[Black "Ershov, Ruslan"]
[Result "0-1"]
[WhiteElo "1994"]
[BlackElo "1919"]
[PlyCount "57"]
[EventDate "2009.09.27"]
[EventType "team-match"]
[EventRounds "11"]
[EventCountry "FRA"]
[SourceDate "2009.07.26"]

1. e4 e5 2. Nf3 Nc6 3. d4 exd4 4. Bc4 Bb4+ 5. c3 dxc3 6. O-O Nge7 7. Ng5 d5 8.
exd5 Ne5 9. Qa4+ b5 10. Qxb5+ N7c6 11. dxc6 Bd6 12. Nxc3 a5 13. Re1 O-O 14. Qa4
h6 15. Nf3 Nxf3+ 16. gxf3 Qf6 17. Ne4 Qxf3 18. Qd1 Qf5 19. Ng3 Qc5 20. Qd5 Qb4
21. Bd2 Qxb2 22. Reb1 Qa3 23. Qg2 Bg4 24. Rb3 Qc5 25. Rc1 Qd4 26. Ra3 Qb2 27.
Ne4 Bf5 28. Re1 Rae8 29. Bb3 0-1

[Event "FRA-chT1 0910"]
[Site "France"]
[Date "2009.12.12"]
[Round "6.3"]
[White "Debray, Christopher"]
[Black "Kerbrat, Julien"]
[Result "1-0"]
[WhiteElo "2358"]
[BlackElo "2185"]
[PlyCount "88"]
[EventDate "2009.09.27"]
[EventType "team-match"]
[EventRounds "11"]
[EventCountry "FRA"]
[SourceDate "2009.07.26"]

1. d4 Nf6 2. c4 c5 3. d5 b5 4. Nd2 g6 5. e4 d6 6. cxb5 Bg7 7. Ngf3 a6 8. a4 O-O
9. Ra3 Bb7 10. Bc4 Nbd7 11. O-O Nb6 12. Re1 Ne8 13. bxa6 Bxa6 14. Bxa6 Rxa6 15.
a5 Nd7 16. Nc4 Nc7 17. Qa4 Nf6 18. Bd2 Qd7 19. Qxd7 Nxd7 20. Rb3 Ra7 21. Bc3
Rb8 22. Rxb8+ Nxb8 23. e5 Nxd5 24. exd6 Bxc3 25. bxc3 e6 26. Rb1 Nd7 27. Rb3 f6
28. Kf1 Kf7 29. Ne1 e5 30. Ke2 Ke6 31. g3 e4 32. f4 f5 33. Ng2 N7f6 34. Nge3
Ne8 35. Rb8 Nxd6 36. Nxd6 Nxc3+ 37. Kd2 Kxd6 38. Kxc3 Kc7 39. Rb5 Kd7 40. Nc4
Kc6 41. Rb6+ Kc7 42. Rf6 Kd8 43. Rc6 Rd7 44. a6 Rd1 1-0

[Event "FRA-chT1 0910"]
[Site "France"]
[Date "2009.12.12"]
[Round "6.5"]
[White "Dubessay, Bastien"]
[Black "De Labaca, Romuald"]
[Result "0-1"]
[WhiteElo "2167"]
[BlackElo "2212"]
[PlyCount "50"]
[EventDate "2009.09.27"]
[EventType "team-match"]
[EventRounds "11"]
[EventCountry "FRA"]
[SourceDate "2009.07.26"]

1. d4 Nf6 2. c4 g6 3. Nc3 Bg7 4. e4 d6 5. f3 O-O 6. Bg5 a6 7. Qd2 Nbd7 8. Nh3
c5 9. d5 b5 10. cxb5 Qa5 11. Nf2 Nb6 12. Nfd1 axb5 13. Nxb5 Bd7 14. Nbc3 Rfb8
15. b3 e6 16. dxe6 Bxe6 17. Rb1 d5 18. exd5 Nfxd5 19. Nxd5 Qxd2+ 20. Bxd2 Nxd5
21. a4 Rxa4 22. Rc1 Rxb3 23. Rxc5 Nb4 24. Rb5 Nc2+ 25. Kf2 Rd4 0-1

[Event "FRA-chT1 0910"]
[Site "France"]
[Date "2009.12.12"]
[Round "6.3"]
[White "Gachet, Sebastien"]
[Black "Todorov, Ognjan"]
[Result "0-1"]
[WhiteElo "2320"]
[BlackElo "2306"]
[PlyCount "84"]
[EventDate "2009.09.27"]
[EventType "team-match"]
[EventRounds "11"]
[EventCountry "FRA"]
[SourceDate "2009.07.26"]

1. e4 c5 2. Nf3 e6 3. d4 cxd4 4. Nxd4 a6 5. Bd3 Nf6 6. c4 Nc6 7. Nxc6 dxc6 8.
O-O e5 9. Nc3 Be6 10. h3 Bc5 11. Qe2 Nd7 12. Kh1 Qh4 13. Be3 Rd8 14. Na4 Bd4
15. c5 Bxh3 16. gxh3 Qxh3+ 17. Kg1 Nxc5 18. Bxd4 Nxd3 19. Bxe5 Nxe5 20. f4 Rd3
21. fxe5 Rg3+ 22. Kf2 Rg2+ 23. Ke1 Rxe2+ 24. Kxe2 Qh5+ 25. Rf3 O-O 26. Raf1
Qxe5 27. Nc3 b5 28. a3 a5 29. Rf5 Qd4 30. Rd1 Qc4+ 31. Ke3 b4 32. axb4 axb4 33.
Ne2 Qb3+ 34. Rd3 Qxb2 35. Rc5 Qf6 36. Nd4 Qh6+ 37. Ke2 Qh2+ 38. Ke3 Qg1+ 39.
Ke2 Ra8 40. Rxc6 Ra2+ 41. Nc2 Qg2+ 42. Ke3 h6 0-1

[Event "FRA-chT1 0910"]
[Site "France"]
[Date "2009.12.12"]
[Round "6.1"]
[White "Genov, Petar"]
[Black "Efimov, Igor"]
[Result "1/2-1/2"]
[WhiteElo "2476"]
[BlackElo "2435"]
[PlyCount "27"]
[EventDate "2009.09.27"]
[EventType "team-match"]
[EventRounds "11"]
[EventCountry "FRA"]
[SourceDate "2009.07.26"]
[WhiteTeam "Mulhouse"]
[BlackTeam "Monaco"]

1. d4 d5 2. c4 dxc4 3. Nf3 Nf6 4. e3 e6 5. Bxc4 c5 6. O-O a6 7. dxc5 Qxd1 8.
Rxd1 Bxc5 9. a3 Nbd7 10. b4 Be7 11. Bb2 O-O 12. Nbd2 Nb6 13. Bb3 Bd7 14. Ne5
1/2-1/2

[Event "FRA-chT1 0910"]
[Site "France"]
[Date "2009.12.12"]
[Round "6.4"]
[White "Giroyan, Gary"]
[Black "Battaglini, Gabriel"]
[Result "0-1"]
[WhiteElo "2176"]
[BlackElo "2398"]
[PlyCount "66"]
[EventDate "2009.09.27"]
[EventType "team-match"]
[EventRounds "11"]
[EventCountry "FRA"]
[SourceDate "2009.07.26"]

1. e4 c6 2. Nc3 d5 3. Nf3 Bg4 4. h3 Bxf3 5. Qxf3 Nf6 6. d3 e6 7. Bd2 Be7 8. g4
O-O 9. O-O-O b5 10. Kb1 b4 11. Ne2 Nbd7 12. Bg2 a5 13. Qg3 a4 14. Nc1 Nc5 15.
e5 Nfd7 16. g5 b3 17. h4 Qb6 18. Bc3 Rfb8 19. d4 bxa2+ 20. Ka1 a3 21. b3 Na4
22. h5 Nxc3 23. Qxc3 Bxg5 24. Nd3 Be7 25. Rhg1 c5 26. Nf4 cxd4 27. Qg3 Nxe5 28.
Nd3 Nxd3 29. Rxd3 Bf6 30. Qf4 e5 31. Qf5 e4 32. Rg3 d3+ 33. Kxa2 Qd4 0-1

[Event "FRA-chT1 0910"]
[Site "France"]
[Date "2009.12.12"]
[Round "6.2"]
[White "Karim, Ismael"]
[Black "Sermier, Guillaume"]
[Result "1-0"]
[WhiteElo "2410"]
[BlackElo "2385"]
[PlyCount "41"]
[EventDate "2009.09.27"]
[EventType "team-match"]
[EventRounds "11"]
[EventCountry "FRA"]
[SourceDate "2009.07.26"]

1. e4 e6 2. d4 d5 3. Nd2 Nc6 4. c3 e5 5. exd5 Qxd5 6. Ngf3 exd4 7. Bc4 Qf5 8.
Nxd4 Nxd4 9. cxd4 Be6 10. Qa4+ Bd7 11. Qb3 O-O-O 12. O-O Bd6 13. Ne4 Bxh2+ 14.
Kxh2 Qxe4 15. Bd5 Qh4+ 16. Kg1 c6 17. g3 Qh5 18. Bxf7 Qf5 19. Bf4 Nh6 20. Bc4
Qh3 21. Ba6 1-0

[Event "FRA-chT1 0910"]
[Site "France"]
[Date "2009.12.12"]
[Round "6.7"]
[White "Kirszenberg, Marc"]
[Black "Canneva, Florian"]
[Result "1/2-1/2"]
[WhiteElo "2205"]
[BlackElo "2095"]
[PlyCount "37"]
[EventDate "2009.09.27"]
[EventType "team-match"]
[EventRounds "11"]
[EventCountry "FRA"]
[SourceDate "2009.07.26"]

1. d4 Nf6 2. c4 e6 3. Nc3 Be7 4. Nf3 d6 5. Bf4 O-O 6. h3 Nbd7 7. e3 c6 8. Be2
Qa5 9. O-O e5 10. Bh2 exd4 11. exd4 d5 12. cxd5 Nxd5 13. Nxd5 Qxd5 14. a3 Nb6
15. Rc1 Be6 16. Qd2 Rfd8 17. Rfd1 Qd7 18. Be5 Bb3 19. Re1 {suite illisible}
1/2-1/2

[Event "FRA-chT1 0910"]
[Site "France"]
[Date "2009.12.12"]
[Round "6.2"]
[White "Lamoureux, Charles"]
[Black "Rouzaud, Philippe"]
[Result "1-0"]
[WhiteElo "2376"]
[BlackElo "2288"]
[PlyCount "53"]
[EventDate "2009.09.27"]
[EventType "team-match"]
[EventRounds "11"]
[EventCountry "FRA"]
[SourceDate "2009.07.26"]

1. e4 c5 2. Nf3 e6 3. d4 cxd4 4. Nxd4 Nf6 5. Nc3 Nc6 6. a3 d6 7. g3 a6 8. Bg2
Bd7 9. Nde2 Rc8 10. O-O Be7 11. h3 b5 12. g4 h6 13. Ng3 Qb6 14. Kh1 Na5 15. f4
Nc4 16. Qd3 Bc6 17. b3 Na5 18. Bb2 Rd8 19. Rae1 d5 20. e5 Nd7 21. f5 O-O 22.
fxe6 fxe6 23. Qg6 Rxf1+ 24. Rxf1 Bf8 25. Nh5 Qb7 26. Rf7 Nxe5 27. Nf6+ 1-0

[Event "FRA-chT1 0910"]
[Site "France"]
[Date "2009.12.12"]
[Round "6.8"]
[White "Lebel Arias, Julia"]
[Black "Choisy, Mathilde"]
[Result "0-1"]
[WhiteElo "1971"]
[BlackElo "2143"]
[PlyCount "39"]
[EventDate "2009.09.27"]
[EventType "team-match"]
[EventRounds "11"]
[EventCountry "FRA"]
[SourceDate "2009.07.26"]

1. Nf3 Nf6 2. c4 g6 3. b4 Bg7 4. Bb2 O-O 5. e3 d6 6. Be2 e5 7. d3 Nbd7 8. Nbd2
Qe7 9. Qb3 Ne8 10. O-O Kh8 11. Rac1 f5 12. c5 Ndf6 13. a3 Be6 14. Qc2 Nd5 15.
Nc4 g5 16. cxd6 cxd6 17. e4 fxe4 18. dxe4 Nf4 19. Qd2 g4 20. Ne1 {suite
illisible} 0-1

[Event "FRA-chT1 0910"]
[Site "France"]
[Date "2009.12.12"]
[Round "6.2"]
[White "Ludwig, Remi"]
[Black "Hunt, Adam"]
[Result "0-1"]
[WhiteElo "2205"]
[BlackElo "2427"]
[PlyCount "69"]
[EventDate "2009.09.27"]
[EventType "team-match"]
[EventRounds "11"]
[EventCountry "FRA"]
[SourceDate "2009.07.26"]

1. d4 Nf6 2. c4 g6 3. Nc3 d5 4. Bf4 Bg7 5. e3 O-O 6. Rc1 dxc4 7. Bxc4 c5 8.
dxc5 Qa5 9. Nge2 Qxc5 10. Qb3 Nc6 11. Nb5 Qh5 12. Ng3 Qh4 13. Nc7 e5 14. Bxe5
Nxe5 15. Nxa8 b6 16. Nc7 Bb7 17. f3 Rc8 18. Qa4 Qh6 19. Be2 Bf8 20. Qf4 Qxf4
21. exf4 Ned7 22. Kd1 Nc5 23. Nb5 Nd5 24. Nf1 Nxf4 25. Nc3 Nxg2 26. Kc2 Nf4 27.
Ng3 h5 28. h4 Bh6 29. Rce1 Na4 30. Nge4 Nxc3 31. bxc3 Bg7 32. Bd1 Ba6 33. Rhg1
f5 34. Nd6 Rxc3+ 35. Kd2 0-1

[Event "FRA-chT1 0910"]
[Site "France"]
[Date "2009.12.12"]
[Round "6.7"]
[White "Minet, Steve"]
[Black "Forestier, Flavien"]
[Result "1-0"]
[WhiteElo "2166"]
[BlackElo "2182"]
[PlyCount "59"]
[EventDate "2009.09.27"]
[EventType "team-match"]
[EventRounds "11"]
[EventCountry "FRA"]
[SourceDate "2009.07.26"]

1. e4 e6 2. d4 d5 3. Nc3 Nf6 4. Bg5 dxe4 5. Nxe4 Be7 6. Nxf6+ Bxf6 7. Bxf6 Qxf6
8. Nf3 O-O 9. Bd3 Nd7 10. Qe2 c5 11. Qe4 g6 12. c3 cxd4 13. cxd4 Qe7 14. a3 e5
15. O-O f6 16. Rfe1 Re8 17. Qd5+ Qf7 18. Bc4 Qxd5 19. Bxd5+ Kg7 20. Rac1 Nb6
21. Rc7+ Kh8 22. Bf7 Rd8 23. dxe5 fxe5 24. Nxe5 Bf5 25. g4 Rdc8 26. Rxb7 Bc2
27. Be6 Rf8 28. Nf7+ Kg7 29. Ng5+ Kh6 30. h4 1-0

[Event "FRA-chT1 0910"]
[Site "France"]
[Date "2009.12.12"]
[Round "6.4"]
[White "Murey, Jacob"]
[Black "Crut, Aurelien"]
[Result "1-0"]
[WhiteElo "2410"]
[BlackElo "2315"]
[PlyCount "56"]
[EventDate "2009.09.27"]
[EventType "team-match"]
[EventRounds "11"]
[EventCountry "FRA"]
[SourceDate "2009.07.26"]
[WhiteTeam "Grasse Echecs"]

1. c4 e6 2. g3 d5 3. Bg2 Nf6 4. Nf3 dxc4 5. Qc2 c5 6. Na3 Nc6 7. Nxc4 Be7 8.
O-O O-O 9. a3 Bd7 10. e3 Qc7 11. d3 Rac8 12. b3 b5 13. Ncd2 e5 14. Ng5 Rfd8 15.
Bb2 Bf5 16. Nde4 Nxe4 17. Nxe4 Nb8 18. f4 exf4 19. Rxf4 Bxe4 20. Rxe4 Bf8 21.
Bh3 Nd7 22. Rf1 Re8 23. Qf2 f6 24. Be6+ Kh8 25. Qf5 Rcd8 26. Rh4 h6 27. Bd5 Ne5
28. Be4 Kg8 1-0

[Event "FRA-chT1 0910"]
[Site "France"]
[Date "2009.12.12"]
[Round "6.1"]
[White "Renet, Olivier"]
[Black "Song, Julien"]
[Result "0-1"]
[WhiteElo "2515"]
[BlackElo "2246"]
[PlyCount "64"]
[EventDate "2009.09.27"]
[EventType "team-match"]
[EventRounds "11"]
[EventCountry "FRA"]
[SourceDate "2009.07.26"]
[WhiteTeam "Rueil"]

1. c4 e6 2. Nc3 d5 3. d4 Nf6 4. cxd5 exd5 5. Bg5 c6 6. e3 Be7 7. Qc2 Nbd7 8.
Bd3 O-O 9. Nge2 Re8 10. O-O Nf8 11. f3 Be6 12. Rad1 Rc8 13. Kh1 Ng6 14. a3 a6
15. Rde1 Qc7 16. Bxf6 Bxf6 17. f4 Bg4 18. Ng1 Bd7 19. Nf3 Qd6 20. Ne5 Bxe5 21.
fxe5 Qe7 22. b4 b5 23. Rf3 a5 24. Ref1 Be6 25. Qb2 Ra8 26. e4 axb4 27. axb4
dxe4 28. Nxe4 Ra2 29. Qc3 Bd5 30. g3 Rea8 31. Nd6 R8a3 32. Nf5 Rxc3 0-1

[Event "FRA-chT1 0910"]
[Site "France"]
[Date "2009.12.12"]
[Round "6.7"]
[White "Riff, Sebastien"]
[Black "Lebel, Patrick"]
[Result "1-0"]
[WhiteElo "2283"]
[BlackElo "2114"]
[PlyCount "58"]
[EventDate "2009.09.27"]
[EventType "team-match"]
[EventRounds "11"]
[EventCountry "FRA"]
[SourceDate "2009.07.26"]

1. e4 Nh6 2. d4 g6 3. Bf4 f6 4. Nc3 d6 5. Qd2 Nf7 6. d5 c5 7. Be3 Bg7 8. Be2
Na6 9. h4 Nc7 10. h5 g5 11. Nh3 e5 12. dxe6 Bxe6 13. O-O-O Qe7 14. f4 h6 15.
Nf2 O-O-O 16. Bf3 gxf4 17. Bxf4 Ne5 18. Bxe5 fxe5 19. Bg4 Bf6 20. Qe2 Rhg8 21.
Kb1 Kb8 22. a3 d5 23. exd5 Nxd5 24. Nxd5 Bxd5 25. Bf3 Bxf3 26. gxf3 Rxd1+ 27.
Rxd1 Rd8 28. Rxd8+ Qxd8 29. Qc4 Be7 {suite illisible} 1-0

[Event "FRA-chT1 0910"]
[Site "France"]
[Date "2009.12.12"]
[Round "6.3"]
[White "Riff, Vincent"]
[Black "Acher, Mathieu"]
[Result "1/2-1/2"]
[WhiteElo "2328"]
[BlackElo "2345"]
[PlyCount "38"]
[EventDate "2009.09.27"]
[EventType "team-match"]
[EventRounds "11"]
[EventCountry "FRA"]
[SourceDate "2009.07.26"]

1. e4 g6 2. d4 d6 3. Nf3 Bg7 4. Nc3 c6 5. a4 Nf6 6. Be2 O-O 7. h3 e5 8. dxe5
dxe5 9. Qxd8 Rxd8 10. O-O Nbd7 11. Rd1 Re8 12. Be3 Bf8 13. Bc4 h6 14. Nh2 Nc5
15. f3 h5 16. Nf1 Ne6 17. Be2 Bc5 18. Bxc5 Nxc5 19. Ne3 Kf8 1/2-1/2

[Event "FRA-chT1 0910"]
[Site "France"]
[Date "2009.12.12"]
[Round "6.2"]
[White "Rombaldoni, Denis"]
[Black "Ider, Borya"]
[Result "1-0"]
[WhiteElo "2504"]
[BlackElo "2276"]
[PlyCount "75"]
[EventDate "2009.09.27"]
[EventType "team-match"]
[EventRounds "11"]
[EventCountry "FRA"]
[SourceDate "2009.07.26"]

1. d4 e6 2. c4 Nf6 3. Nf3 b6 4. g3 Ba6 5. Qc2 c5 6. d5 exd5 7. cxd5 Nxd5 $2 (
7... Bb7) 8. Qe4+ Ne7 9. Qxa8 Nec6 10. e3 b5 11. a4 Qc8 12. axb5 Bb7 13. Qxb7
Qxb7 14. bxc6 Nxc6 15. Ba6 Qb6 16. O-O Nb4 17. Be2 Be7 18. Rd1 Bf6 19. e4 Bd4
20. Nc3 Nc6 21. Ra6 Qb7 22. Nb5 O-O 23. Nbxd4 cxd4 24. Nxd4 Nxd4 25. Rxd4 Rc8
26. Be3 Qxb2 27. Bf3 Rc1+ 28. Bxc1 Qxd4 29. Be3 Qd3 30. Rxa7 h6 31. h4 Qb5 32.
Rc7 Qa4 33. Rc5 Qb4 34. Rd5 Qa4 35. Rd4 Qb5 36. Kg2 Qc6 37. Bg4 d6 38. Bf3 1-0

[Event "FRA-chT1 0910"]
[Site "France"]
[Date "2009.12.12"]
[Round "6.1"]
[White "Suarez Real, Alberto"]
[Black "Janev, Evgeni"]
[Result "0-1"]
[WhiteElo "2395"]
[BlackElo "2448"]
[PlyCount "50"]
[EventDate "2009.09.27"]
[EventType "team-match"]
[EventRounds "11"]
[EventCountry "FRA"]
[SourceDate "2009.07.26"]
[BlackTeam "Cavalier Fou Bressan "]

1. e4 Nf6 2. e5 Nd5 3. d4 d6 4. Nf3 Nb6 5. a4 a5 6. Bb5+ c6 7. Bd3 Bg4 8. h3
Bxf3 9. Qxf3 dxe5 10. dxe5 Qd5 11. Qg3 N8d7 12. Be3 Qe6 13. Nc3 Nxe5 14. O-O
Nbd7 15. Rfe1 Nxd3 16. cxd3 Nf6 17. Bg5 Qd7 18. Bxf6 gxf6 19. d4 e6 20. d5 cxd5
21. Rad1 Be7 22. Rd3 Kf8 23. Qh4 h5 24. Qf4 Rc8 25. h4 Qd6 0-1